मास्टरबा/ (Record no. 197839)

MARC details
000 -LEADER
fixed length control field 00735nam a2200181 4500
005 - DATE AND TIME OF LATEST TRANSACTION
control field 20230911122422.0
010 ## - LCCN (DPL NO)
LC control number HIN-125809
020 ## - INTERNATIONAL STANDARD BOOK NUMBER
Terms of availability 200.00
035 ## - SYSTEM CONTROL NUMBER
System control number HN-98155
037 ## - SOURCE OF ACQUISITION
Source of stock number/acquisition DBAD/PUB
082 ## - DEWEY DECIMAL CLASSIFICATION NUMBER
Classification number
100 ## - MAIN ENTRY--PERSONAL NAME
Personal name विक्रमादित्य, कुमार
245 ## - TITLE STATEMENT
Title मास्टरबा/
Statement of responsibility, etc कुमार विक्रमादित्य
260 ## - PUBLICATION, DISTRIBUTION, ETC. (IMPRINT)
Place of publication, distribution, etc उत्तर प्रदेश
Name of publisher, distributor, etc अंजुमन प्रकाशन
Date of publication, distribution, etc 2021
270 ## - ADDRESS
Address 942, मुट्ठीगंज ,प्रयागराज
City उत्तर प्रदेश
Electronic mail address contact@anjumanpublication.com
300 ## - PHYSICAL DESCRIPTION
Extent 191 p (अजिल्द)
Dimensions 22cm(pbk)
942 ## - ADDED ENTRY ELEMENTS (KOHA)
Source of classification or shelving scheme Dewey Decimal Classification
Item type Hindi Books
Classification part
Call number suffix विक्रम
Holdings
Withdrawn status Lost status Not for loan Collection code Home library Current library Date acquired Source of acquisition Cost, normal purchase price Full call number Barcode Copy number Cost, replacement price Koha item type
      Fiction Central Jail Tihar Central Jail Tihar 05/09/2023 DBAD/PUB 200.00 उ विक्रम HN-98155 1 200.00 Hindi Books

© Delhi Public Library
Hit Counter
free hit counter